000
00317nam a2200145Ia 4500
100
_a
Davis/ Keith
650
_a
General
942
_c
BK
654
_a
Human behaviour
245
_a
Human behaviour at work
260
_b
Tata Mc Graw hill
_a
New Delhi
_c
1982
082
_a
658.3
300
_a
582
546
_a
ENGLISH
999
_c
25424
_d
25424